Strength of materials through problems / (Record no. 157353)

MARC details
000 -LEADER
fixed length control field 00624nam a22002177a 4500
003 - CONTROL NUMBER IDENTIFIER
control field dpl
005 - DATE AND TIME OF LATEST TRANSACTION
control field 20180911143706.0
008 - FIXED-LENGTH DATA ELEMENTS--GENERAL INFORMATION
fixed length control field 180911b xxu||||| |||| 00| 0 eng d
010 ## - LIBRARY OF CONGRESS CONTROL NUMBER
LC control number B-65086
020 ## - INTERNATIONAL STANDARD BOOK NUMBER
International Standard Book Number 8177640895
Terms of availability 0.00
035 ## - SYSTEM CONTROL NUMBER
System control number B-65086
040 ## - CATALOGING SOURCE
Original cataloging agency DPL
Language of cataloging EN
Transcribing agency 0
082 ## - DEWEY DECIMAL CLASSIFICATION NUMBER
Classification number 620.112
Item number SAR
100 ## - MAIN ENTRY--PERSONAL NAME
Personal name Sarkar, B.K
245 ## - TITLE STATEMENT
Title Strength of materials through problems /
Statement of responsibility, etc by B.K Sarkar
260 ## - PUBLICATION, DISTRIBUTION, ETC. (IMPRINT)
Place of publication, distribution, etc New Delhi
Name of publisher, distributor, etc Allied publishers ltd
Date of publication, distribution, etc 2001
270 ## - ADDRESS
Address A-104 Mayapuri Phase-2
City New Delhi
Postal code 110064
300 ## - PHYSICAL DESCRIPTION
Extent 595p.:
Dimensions 22cm
500 ## - GENERAL NOTE
General note Include Index
942 ## - ADDED ENTRY ELEMENTS (KOHA)
Source of classification or shelving scheme Dewey Decimal Classification
Koha item type English Books
Classification part 620.112
Call number suffix SAR
Holdings
Withdrawn status Lost status Source of classification or shelving scheme Damaged status Not for loan Collection code Home library Current library Date acquired Source of acquisition Cost, normal purchase price Total Checkouts Total Renewals Full call number Barcode Date last seen Date checked out Cost, replacement price Price effective from Koha item type
    Dewey Decimal Classification     Non-fiction Patel Nagar Patel Nagar 11/09/2018 BPPD/PUB 0.00 7 10 620.112 SAR B-65086 27/09/2019 03/08/2019 0.00 11/09/2018 English Books

© Delhi Public Library
Hit Counter
free hit counter